| 000 | 00747nam a22002417a 4500 | ||
|---|---|---|---|
| 999 |
_c4169 _d4169 |
||
| 003 | AR-CdUCM | ||
| 008 | 190305b ||||| |||| 00| 0 spa d | ||
| 020 | _a84-8280-183-X | ||
| 040 |
_aMUNICIPALIDAD PROVINCIAL DEL CUSCO _cBIBLIOTECA MUNICIPAL DEL CUSCO |
||
| 082 |
_a808.83 / _bSW98 |
||
| 100 |
_aSwift, Jonathan _99160 |
||
| 245 | _aLos viajes de Gulliver / | ||
| 260 |
_aLima : _bOveja Negra, _c1984. |
||
| 300 |
_a237 páginas ; _c18.5 cm. |
||
| 440 |
_aHistoria Universal de la Literatura _n83 _913209 |
||
| 500 | _aHistoria universal de la Literatura | ||
| 650 |
_aLiliput _99162 |
||
| 650 |
_aBrobdingnang _99163 |
||
| 650 |
_aCuentos infantiles _93927 |
||
| 700 |
_aDe Luaces, Juan G _99164 |
||
| 942 |
_2ddc _cLIBROS |
||
| 945 | _apjha | ||